Mechanical vibrations

Gespeichert in:
Bibliographische Detailangaben
1. Verfasser:  Rao, Singiresu S
Format: Sách
Sprache:Undetermined
Veröffentlicht:  Prentice Hall  2011
Schlagworte:
Tags: Tag hinzufügen
Keine Tags, Fügen Sie den ersten Tag hinzu!
Thư viện lưu trữ: Trung tâm Thư viện - Trường Đại học Công nghiệp TP. Hồ Chí Minh
LEADER 00474nam a2200157Ia 4500
001 UIH_06202
008 231011s9999 xx 000 0 und d
082 |a  620.3 
100 |a  Rao, Singiresu S 
245 0 |a  Mechanical vibrations 
245 0 |c  Rao, Singiresu S 
260 |b  Prentice Hall 
260 |c  2011 
650 |a  Dao động kỹ thuật;  
927 |a Sách 
980 |a Trung tâm Thư viện - Trường Đại học Công nghiệp TP. Hồ Chí Minh